| 000 | 01321nam a2200265Ia 4500 | ||
|---|---|---|---|
| 999 |
_c40486 _d40486 |
||
| 001 | 7097 | ||
| 003 | GE_BSU | ||
| 005 | 20231106103731.0 | ||
| 008 | 181216s2011||||ge |||||||||||||| ||geo|| | ||
| 020 | _a9789941192029 | ||
| 040 | _cGE_BSU | ||
| 041 | _ageo | ||
| 080 | _a821.111-32 კ-53 | ||
| 100 |
_aკიპლინგი, რადიარდ _915248 |
||
| 245 |
_aმოთხრობები : _bათასი მწუხარების ჭიშკარი / _cრადიარდ კიპლინგი ; _hმთარგმნ. ედიშერ გიორგაძე ; რედ. მანანა ღოღობერიძე ; ყდის დიზაინ. ეთერ გზირიშვილი. |
||
| 264 |
_aთბილისი : _bპალიტრა L, _c2011. |
||
| 300 |
_a160 გვ. ; _c20 სმ. |
||
| 490 | _aმსოფლიოს რჩეული მოთხრობები | ||
| 541 | _h4ლ. | ||
| 653 | _aათასი მწუხარების ჭიშკარი | ||
| 653 | _aმოთხრობები | ||
| 700 |
_aგიორგაძე, ედიშერ _eმთარგმნელი _920281 |
||
| 700 |
_aღოღობერიძე, მანანა _eრედაქტორი _91391 |
||
| 942 |
_cBK _2udc |
||